The erosion of Biblical certainty : battles over authority and interpretation in America /

Bibliographic Details
Main Author: Lee, Michael J. (Michael Jeehoon)
Format: Book
Language:English
Published: New York : Palgrave Macmillan, 2013.
Edition:First edition.
Subjects:

MARC

Tag First Indicator Second Indicator Subfields
LEADER 00000cam a2200000 i 4500
001 in00003340321
005 20151206090243.0
008 130724s2013 nyu b 001 0 eng
010 |a  2013018209 
020 |a 9781137299659 (alk. paper) 
020 |a 1137299657 (alk. paper) 
035 |a (OCoLC)ocn852224739 
040 |a DLC  |e rda  |c DLC  |d UtOrBLW 
043 |a n-us--- 
049 |a TXAM 
050 0 0 |a BS480  |b .L4155 2013 
082 0 0 |a 220.1/3  |2 23 
100 1 |a Lee, Michael J.  |q (Michael Jeehoon) 
245 1 4 |a The erosion of Biblical certainty :  |b battles over authority and interpretation in America /  |c Michael J. Lee. 
250 |a First edition. 
264 1 |a New York :  |b Palgrave Macmillan,  |c 2013. 
300 |a 244 pages ;  |c 23 cm. 
336 |a text  |b txt  |2 rdacontent 
337 |a unmediated  |b n  |2 rdamedia 
338 |a volume  |b nc  |2 rdacarrier 
504 |a Includes bibliographical references and index. 
630 0 0 |a Bible  |x Evidences, authority, etc. 
630 0 0 |a Bible  |x Criticism, interpretation, etc.  |z United States  |x History. 
651 0 |a United States  |x Church history. 
945 |a PromptCat  |b 554821 
946 |a stk 
947 |a A14839878209 
948 |a cataloged  |b h  |c 2013/12/10  |d c  |e dmitchel  |f 8:20:10 am 
994 |a 92  |b TXA 
999 |a MARS 
999 f f |s ced54b34-6a5e-3f5f-8d84-60b53e0fa0f5  |i ee35b86a-8a6c-3cc4-aeee-be051485294d  |t 0 
952 f f |p normal  |a Texas A&M University  |b College Station  |c Sterling C. Evans Library  |d Evans: Library Stacks  |t 0  |e BS480 .L4155 2013  |h Library of Congress classification  |i unmediated -- volume  |m A14839878209 
998 f f |a BS480 .L4155 2013  |t 0  |l Evans: Library Stacks